| 000 | 01267nam0a22002891 4500 | ||
|---|---|---|---|
| 001 | rc\2364459 | ||
| 005 | 20250623083232.0 | ||
| 035 | _a(NLR Aleph) 006685861 | ||
| 090 |
_a5114162 _c5114162 |
||
| 100 | _a20110829d1976 |||y0rusy50 ca | ||
| 101 | 0 | _arus | |
| 102 | _aRU | ||
| 105 | _aa z ||||| | ||
| 200 | 1 |
_aАвтоматическое регулирование процессов резания по температуре _e[Сборник статей _fРед. коллегия: д-р техн. наук, проф. С.С. Силин (отв. ред.) и др.] |
|
| 210 |
_aЯрославль _cЯросл. политехн. ин-т _d1976 |
||
| 215 |
_a167 с. _cил. _d21 |
||
| 225 | 1 |
_aЯросл. политехн. ин-т (головной), Рыбин. авиац. технол. ин-т. Сборник трудов _v№ 4 |
|
| 320 | _aСписки лит. в конце статей | ||
| 606 |
_aРезание металлов _jСборники _xТепловой контроль, автоматический _2rkp |
||
| 702 | 1 |
_aСилин _bС.С. _4340 |
|
| 801 | 0 |
_aRU _bNLR _gpsbo |
|
| 801 | 1 |
_aRU _bELAR _2rusmarc |
|
| 852 |
_aNLR _jП10/5032 |
||
| 899 |
_aRuMoRGB _jXXIV 283/41 |
||
| 899 |
_aRuMoRGB _jXXIV 283/42 |
||
| 942 | _cBOOK | ||
| 980 | _aNB | ||